| 000 | 02923nam a2200229Ia 4500 | ||
|---|---|---|---|
| 003 | Ost | ||
| 005 | 20260507075730.0 | ||
| 008 | 260507s9999||||xx |||||||||||||| ||und|| | ||
| 020 | _ax539249960 | ||
| 040 | _cfsecg | ||
| 041 | _aara | ||
| 082 | _a657.96 | ||
| 100 |
_aتشوي، فريدريك _eمؤلف |
||
| 245 | 0 |
_aالمحاسبة الدولية / _c فريدريك تشوي |
|
| 260 |
_aالرياض: _bدار المريخ للنشر, _c2004 |
||
| 300 |
_a632 صفحة؛ _c24 سم |
||
| 520 | _aيتناول هذا الكتاب تاريخ موجز للمحاسبة الدولية ? كيف نظم هذا الكتاب قائمة الدخل غير الموحدة و الاوراق المالية القابلة للتداول ثم الاستثمار في التامين الجماعي للشركة وكانت محتوياته كالتالي : مقدمة-الفصل الأول : شركة نيكين للكيماويات المحدودة : تاريخ موجز للمحاسبة الدولية : كيف نظم هذا الكتاب : قائمة الدخل غير الموحدة-الفصل الثاني : التطور والتدريب : التطور : النظام القانوني : الضرائب : الروابط الاقتصادية والسياسية-الفصل الثالث : المحاسبة المقارنة (1) : المفاهيم الأساسية : ست نظم محاسبة مالية قومية : تطبيق وتنظيم المحاسبة : التقرير المالي-الفصل الرابع : المحاسبة المقارنة (2) : أسباب اختيار هذه الدول الأربعة : بعض الملاحظات حول الدول الأربعة المحاسبة بها : التقرير المالي : مقاييس المحاسبة-الفصل الخامس : التقرير والإفصاح : تطور الإفصاح : الإفصاح الاختياري : متطلبات تنظيم الإفصاح : الجدل حول التقرير المالي لهيئة تداول الأوراق المالية-الفصل السادس : ترجمة العملات الأجنبية : أسباب الترجمة : أثر أسعار الترجمة البديلة على القوائم المالية : ترجمة العملات الأجنبية : طرق السعر المتعدد-الفصل السابع : المحاسبة عن تغيرات الأسعار : لماذا تعتبر القوائم المالية مضللة : أنواع تسويات التضخم : تسويات مستوى الأسعار العام : استخدام الأرقام القياسية للأسعار-الفصل الثامن : التناسق المحاسبي الدولي : استعراض التناسق الدولي : انتقادات المعايير الدولية. | ||
| 653 | _aالمحاسبة الدولية | ||
| 700 |
_aآن، غرست _eمؤلف ثانوي |
||
| 700 |
_aمييك,كارول _eمؤلف ثانوي |
||
| 942 | _cكتاب | ||
| 999 |
_c46028 _d46028 |
||